Datum a čas kvízu
29.5
Celkem bodů
Celkový počet nahraných bodů na tomto kvízu bez doplňovacích otázek.
4.
Pořadí na kvízu
Konečné umístění týmu na tomto kvízu.
Zaznamenané odpovědi
| # | Otázka | Odpověď | Body | Výsledky |
|---|---|---|---|---|
| 1. | V pondělí byly vyhlášeny výsle... | motýle | 0 | |
| 2. | Slovenská prezidentka Zuzana Č... | Milada Horáková | 1 | |
| 3. | Oblíbená hollywoodská hvězda o... | Cameron Diaz | 1 | |
| 4. | Česká obchodní inspekce řeší p... | geoblocking | 0 | |
| 5. | Kdo byl podle hlasů redaktorů... | LeBron James, Serena Williamsová | 0 | |
| 6. | 1. ledna došlo k růstu minimál... | 14 600 Kč (uznáváme 14 100–15 100) | 1 | |
| 7. | Na úterý 3. listopadu jsou nap... | New Hampshire | 0 | |
| 8. | Nový čínský rok začíná 25. led... | kryse | 1 | |
| 9. | Nejbezpečnějšími aerolinkami p... | Qantas | 1 | |
| 10. | Mezi 12. červnem a 12. červenc... | Anglie, Chorvatsko | 1 |